| 000 | 01212nam a22003137a 4500 | ||
|---|---|---|---|
| 003 | DO-SdBPM | ||
| 005 | 20260226131157.0 | ||
| 008 | 161209b 1982 sp a 00| 0 spa d | ||
| 020 | _a8477640238 (obra completa) | ||
| 040 |
_aBPMSU _bspa _cBPMSU |
||
| 082 | 0 | 4 |
_a796.1 _bC139s 1982 _222 |
| 245 | 0 | 0 |
_aCajita de sorpresas : _bexpresiones para los más chiquitos / _ccredacción y colaboración editorial Martha Lucía Ghiglioni ... [et al.] ; editor Jaime Rovira. |
| 264 |
_aBarcelona, España : _bOcéano, _c1982. |
||
| 300 |
_avs : _bilustraciones, _c26 cm. |
||
| 336 |
_atexto _btxt _2rdacontent |
||
| 337 |
_asin mediación _bn _2rdamedia |
||
| 338 |
_avolumen _bnc _2rdacarrier |
||
| 500 | _aOrientaciones para padres y maestros. | ||
| 505 | _av. 1 ; Literatura infantil -- v. 2 : Dibujo y manualidades v. 3 : Juegos y pasatiempos -- v. 4 : El niño y su mundo. | ||
| 590 | _aInventariado 2026 / VM | ||
| 650 | 7 | _aJuegos de recreación. | |
| 650 | 7 | _aJuegos educativos | |
| 650 | 7 | _aJuegos infantiles. | |
| 650 | 7 | _aJuegos y pasatiempos | |
| 700 | 1 | _aGhiglioni, Martha Lucía. | |
| 700 | 1 |
_aRovira Artola, Jaime, _e editor. |
|
| 910 | _aVMateo V, Control de calidad. BPMSU | ||
| 942 |
_2ddc _cBK |
||
| 999 |
_c12381 _d12381 |
||